[Event "Women's Speed Chess Q1"]
[Site "chess.com INT"]
[Date "2020.06.18"]
[Round "1"]
[White "Idrisova, Roza"]
[Black "Batsiashvili, Nino"]
[Result "0-1"]
[WhiteTitle "WFM"]
[BlackTitle "GM"]
[WhiteElo "1960"]
[BlackElo "2457"]
[WhiteFideId "4146662"]
[BlackFideId "13602993"]
[EventDate "2020.06.18"]

1. d4 d5 2. Nf3 Nf6 3. Ng1 c5 4. Nf3 Nc6 5. Ng1 cxd4 6. Nf3 e5 7. Bg5 Be7 8. c3
dxc3 9. e3 cxb2 10. Nbd2 bxa1=Q 11. Qxa1 e4 12. Nd4 Nxd4 13. exd4 O-O 14. Be2 h6
15. Be3 Bg4 16. Bb5 a6 17. Ba4 b5 18. Bb3 Be6 19. h3 a5 20. a3 a4 21. Bd1 b4 22.
axb4 Bxb4 23. O-O Qa5 24. Nb1 a3 25. Qa2 Rfb8 26. Be2 Bc3 27. Nxc3 Qxc3 28. Rc1
Qb2 29. Qa1 Qxa1 30. Rxa1 a2 0-1

[Event "Women's Speed Chess Q1"]
[Site "chess.com INT"]
[Date "2020.06.18"]
[Round "1"]
[White "Munkhzul, Davaakhuu"]
[Black "Miroshnik, Ekaterina"]
[Result "1-0"]
[WhiteTitle "WFM"]
[BlackTitle "WFM"]
[WhiteElo "1991"]
[BlackElo "2139"]
[WhiteFideId "4902815"]
[BlackFideId "34127698"]
[EventDate "2020.06.18"]

1. e4 e6 2. d4 d5 3. Nd2 Nf6 4. e5 Nfd7 5. c3 c5 6. Bd3 Nc6 7. Ne2 cxd4 8. cxd4
f6 9. exf6 Nxf6 10. O-O Bd6 11. Nf3 O-O 12. Bf4 Bxf4 13. Nxf4 Ne4 14. g3 Qf6 15.
Kg2 Bd7 16. Re1 g5 17. Nh5 Qf7 18. Bxe4 dxe4 19. Nxg5 Qxf2+ 20. Kh1 e5 21. Rf1
Qxf1+ 22. Qxf1 Rxf1+ 23. Rxf1 Rd8 24. d5 Nb4 25. Rf7 Be8 26. Nf6+ 1-0

[Event "Women's Speed Chess Q1"]
[Site "chess.com INT"]
[Date "2020.06.18"]
[Round "1"]
[White "Frattini, Beatriz Maria"]
[Black "Chitlange, Sakshi"]
[Result "0-1"]
[WhiteTitle "WCM"]
[BlackTitle "WIM"]
[WhiteElo "1868"]
[BlackElo "2167"]
[WhiteFideId "22715002"]
[BlackFideId "35002899"]
[EventDate "2020.06.18"]

1. e4 c6 2. d4 d5 3. e5 Bf5 4. h4 h5 5. Bg5 Qb6 6. Bd3 Bxd3 7. Qxd3 Qxb2 8. e6
Qxa1 9. Qb3 Qxd4 10. Qxb7 fxe6 11. Qxa8 Qb6 12. Nd2 Nf6 13. Ngf3 Nd7 14. O-O Qc7
15. Rb1 Nb6 16. Rxb6 axb6 17. g3 e5 18. Nxe5 Qxe5 19. Bf4 Qe1+ 20. Kg2 Kf7 21.
Qxb8 g6 0-1

[Event "Women's Speed Chess Q1"]
[Site "chess.com INT"]
[Date "2020.06.18"]
[Round "1"]
[White "Lee, Dariya"]
[Black "Afonasieva, Anna"]
[Result "0-1"]
[WhiteTitle "WCM"]
[BlackTitle "WIM"]
[WhiteElo "1523"]
[BlackElo "2274"]
[WhiteFideId "13801651"]
[BlackFideId "24173606"]
[EventDate "2020.06.18"]

1. c4 c6 2. e4 d5 3. exd5 cxd5 4. d4 Nf6 5. Nc3 Nc6 6. g3 dxc4 7. Bxc4 Qxd4 8.
Bb5 Qxd1+ 9. Nxd1 Bf5 10. Bxc6+ bxc6 11. Ne2 e6 12. Bf4 Bb4+ 13. Ndc3 O-O 14.
O-O Nd5 15. Nxd5 cxd5 16. a3 Ba5 17. Nd4 Bh3 18. Rfc1 Rfc8 19. Nb5 a6 20. Nd6
Rxc1+ 21. Rxc1 h6 22. Nb7 Bb6 23. Rc6 Ba7 24. b4 f6 25. Bd6 e5 26. Nc5 Bxc5 27.
Bxc5 d4 28. Rd6 a5 29. f3 axb4 30. axb4 Ra2 31. Rd8+ Kh7 32. g4 Rg2+ 33. Kh1 Rf2
34. b5 Rf1# 0-1

[Event "Women's Speed Chess Q1"]
[Site "chess.com INT"]
[Date "2020.06.18"]
[Round "1"]
[White "Skuhala, Barbara"]
[Black "Sukandar, Irine Kharisma"]
[Result "1-0"]
[WhiteTitle "WFM"]
[BlackTitle "IM"]
[WhiteElo "2095"]
[BlackElo "2413"]
[WhiteFideId "14605465"]
[BlackFideId "7101937"]
[EventDate "2020.06.18"]

1. e4 c5 2. Nf3 Nc6 3. Bb5 d6 4. Bxc6+ bxc6 5. O-O e5 6. c3 Bg4 7. d4 cxd4 8.
cxd4 Bxf3 9. Qxf3 exd4 10. e5 d5 11. Nd2 Rc8 12. Nb3 c5 13. Re1 Ne7 14. Bg5 h6
15. Bxe7 Bxe7 16. Rac1 O-O 17. Qg3 Qb6 18. Nd2 c4 19. b3 Bb4 20. Red1 Bxd2 21.
Rxd2 cxb3 22. Rb1 bxa2 23. Ra1 Rc3 24. Qf4 Qb1+ 25. Rd1 Rb8 26. e6 fxe6 27. h4
Qxa1 28. Qxb8+ Kh7 29. Rxa1 d3 30. Rxa2 1-0

[Event "Women's Speed Chess Q1"]
[Site "chess.com INT"]
[Date "2020.06.18"]
[Round "1"]
[White "Nikulina, Alena"]
[Black "Gevorgyan, Maria"]
[Result "1-0"]
[WhiteTitle "WFM"]
[BlackTitle "WGM"]
[WhiteElo "1887"]
[BlackElo "2228"]
[WhiteFideId "4172051"]
[BlackFideId "13300270"]
[EventDate "2020.06.18"]

1. e4 c5 2. Nf3 Nc6 3. d4 cxd4 4. Nxd4 g6 5. Nc3 Bg7 6. Be3 Nf6 7. Nxc6 bxc6 8.
e5 Ng8 9. f4 Nh6 10. Be2 Nf5 11. Bf2 Qa5 12. O-O c5 13. a3 Rb8 14. Rb1 Rxb2 15.
Rxb2 Qxc3 16. Rb3 Qa5 17. Qd5 Nd4 18. Bxd4 cxd4 19. Qxa5 1-0

[Event "Women's Speed Chess Q1"]
[Site "chess.com INT"]
[Date "2020.06.18"]
[Round "1"]
[White "Yakimova, Mariya"]
[Black "Tsukerman, Julia"]
[Result "1-0"]
[WhiteTitle "WFM"]
[BlackTitle "WCM"]
[WhiteElo "2269"]
[BlackElo "1523"]
[WhiteFideId "34188859"]
[BlackFideId "2621649"]
[EventDate "2020.06.18"]

1. d4 Nf6 2. c4 e6 3. g3 d5 4. Nf3 Be7 5. Bg2 O-O 6. O-O dxc4 7. Ne5 Nbd7 8.
Nxc4 c5 9. dxc5 Nxc5 10. Nc3 a6 11. Bf4 Qxd1 12. Rfxd1 Ra7 13. Nb6 Ncd7 14. Nca4
Nxb6 15. Nxb6 Bc5 16. Na4 Be7 17. Be3 Ra8 18. Nb6 Rb8 19. Bf4 Bd8 20. Rxd8 Rxd8
21. Bxb8 Bd7 22. Bc7 Re8 1-0

[Event "Women's Speed Chess Q1"]
[Site "chess.com INT"]
[Date "2020.06.18"]
[Round "1"]
[White "Mrudul, Dehankar"]
[Black "De Seroux, Camille"]
[Result "1/2-1/2"]
[WhiteTitle "WIM"]
[BlackTitle "WIM"]
[WhiteElo "2256"]
[BlackElo "2137"]
[WhiteFideId "25096990"]
[BlackFideId "1305620"]
[EventDate "2020.06.18"]

1. e4 c5 2. Nf3 d6 3. d4 cxd4 4. Nxd4 Nf6 5. Nc3 Nc6 6. Bg5 e6 7. Qd2 Be7 8.
O-O-O Qb6 9. Ndb5 O-O 10. Bxf6 Bxf6 11. Nxd6 Rd8 12. f4 Bxc3 13. Qxc3 Nb4 14.
Qd4 Rxd6 15. Qxd6 Nxa2+ 16. Kb1 Nc3+ 17. Kc1 Na2+ 18. Kb1 Nc3+ 19. Kc1 Na2+ 1/2-1/2

[Event "Women's Speed Chess Q1"]
[Site "chess.com INT"]
[Date "2020.06.18"]
[Round "1"]
[White "Li, Xueyi"]
[Black "Maklakova, Nellija"]
[Result "1-0"]
[WhiteTitle "WGM"]
[WhiteElo "2328"]
[BlackElo "1833"]
[WhiteFideId "8605912"]
[BlackFideId "11603470"]
[EventDate "2020.06.18"]

1. d4 d6 2. c4 g6 3. g3 Bg7 4. Bg2 Nf6 5. Nc3 O-O 6. Nf3 c5 7. O-O cxd4 8. Nxd4
Nc6 9. Nc2 Ne5 10. b3 Rb8 11. Bb2 a6 12. Qd2 b5 13. cxb5 axb5 14. Rfd1 Qb6 15.
Nb4 Nfg4 16. e3 Bb7 17. Ncd5 Qd8 18. h3 Nh6 19. e4 Nc6 20. Bxg7 Kxg7 21. Nxc6
Bxc6 22. Qc3+ Kg8 23. Qxc6 e6 24. Nb4 Qf6 25. Qxd6 Rfd8 26. Qf4 Rxd1+ 27. Rxd1
Qxf4 28. gxf4 Rc8 29. e5 Nf5 30. Nc6 Kg7 31. a4 Nh4 32. Bh1 bxa4 33. bxa4 f6 34.
a5 fxe5 35. fxe5 Nf5 36. Rd7+ Kh6 37. a6 Ng7 38. a7 1-0

[Event "Women's Speed Chess Q1"]
[Site "chess.com INT"]
[Date "2020.06.18"]
[Round "1"]
[White "Munoz Monroy, Cinthya Carolina"]
[Black "Tereladze, Sopiko"]
[Result "1-0"]
[WhiteTitle "WFM"]
[BlackTitle "WIM"]
[WhiteElo "2007"]
[BlackElo "2141"]
[WhiteFideId "4407482"]
[BlackFideId "13600486"]
[EventDate "2020.06.18"]

1. e4 e5 2. Nf3 Nc6 3. d4 exd4 4. Bc4 Nf6 5. e5 d5 6. Bb5 Ne4 7. Nxd4 Bd7 8.
Bxc6 bxc6 9. O-O Bc5 10. Be3 O-O 11. Nd2 Nxd2 12. Qxd2 Bb6 13. Bg5 Qe8 14. Rfe1
c5 15. Bf6 h6 16. Nc6 Bxc6 17. Re3 gxf6 18. Rh3 Qxe5 19. Qxh6 1-0

[Event "Women's Speed Chess Q1"]
[Site "chess.com INT"]
[Date "2020.06.18"]
[Round "1"]
[White "Zhao, Xue"]
[Black "Mendoza, Shania Mae"]
[Result "1-0"]
[WhiteTitle "GM"]
[BlackTitle "WFM"]
[WhiteElo "2486"]
[BlackElo "2158"]
[WhiteFideId "8601283"]
[BlackFideId "5211158"]
[EventDate "2020.06.18"]

1. Nf3 Nf6 2. c4 g6 3. b3 Bg7 4. Bb2 d6 5. g3 O-O 6. Bg2 Nc6 7. d4 a6 8. O-O Rb8
9. Nbd2 Nd7 10. Rc1 e5 11. d5 Ne7 12. e4 h6 13. Nh4 f5 14. exf5 gxf5 15. f4 Nc5
16. Qc2 e4 17. Bxg7 Kxg7 18. Qc3+ Kh7 19. b4 Nd3 20. Rb1 c5 21. Nxe4 Nxb4 22.
Nf6+ Rxf6 23. Qxf6 Bd7 24. Rfe1 Ng8 25. Qf7+ Kh8 26. Ng6# 1-0

[Event "Women's Speed Chess Q1"]
[Site "chess.com INT"]
[Date "2020.06.18"]
[Round "1"]
[White "Balabayeva, Xeniya"]
[Black "Zakirova, Aisha"]
[Result "1-0"]
[WhiteTitle "WFM"]
[BlackTitle "WCM"]
[WhiteElo "2146"]
[BlackElo "1585"]
[WhiteFideId "13719688"]
[BlackFideId "13719734"]
[EventDate "2020.06.18"]

1. e4 c5 2. Nf3 d6 3. d4 cxd4 4. Nxd4 Nf6 5. Nc3 Nc6 6. Bg5 e6 7. Qd2 a6 8. f4
h6 9. Bxf6 Qxf6 10. Nf3 Bd7 11. O-O-O Qd8 12. Bd3 Qc7 13. Rhe1 Be7 14. Qe2 O-O
15. e5 d5 16. f5 Bb4 17. f6 Bxc3 18. bxc3 Qa5 19. Kd2 d4 20. Qe4 Qxc3+ 21. Ke2
g6 22. Qh4 h5 23. Qg5 Rfc8 24. Qh6 Nb4 25. Qg7# 1-0

[Event "Women's Speed Chess Q1"]
[Site "chess.com INT"]
[Date "2020.06.18"]
[Round "1"]
[White "Rakshitta, Ravi"]
[Black "Mikheeva, Galina"]
[Result "1-0"]
[WhiteTitle "WIM"]
[BlackTitle "WFM"]
[WhiteElo "2190"]
[BlackElo "1901"]
[WhiteFideId "25073230"]
[BlackFideId "44108320"]
[EventDate "2020.06.18"]

1. e4 e5 2. Nf3 Nc6 3. Bc4 Bc5 4. O-O Nf6 5. d4 Bxd4 6. Nxd4 Nxd4 7. f4 d6 8.
fxe5 dxe5 9. Bg5 Be6 10. Na3 Qe7 11. c3 Nc6 12. Kh1 Bxc4 13. Bxf6 gxf6 14. Nxc4
Rd8 15. Qe2 Rg8 16. Ne3 Rg6 17. Nd5 Qd6 18. Rad1 Kf8 19. Nf4 Qxd1 20. Nxg6+ hxg6
21. Rxd1 Rxd1+ 22. Qxd1 Ke7 23. h4 1-0

[Event "Women's Speed Chess Q1"]
[Site "chess.com INT"]
[Date "2020.06.18"]
[Round "1"]
[White "Nandhidhaa, P V"]
[Black "Shuvalova, Polina"]
[Result "0-1"]
[WhiteTitle "WGM"]
[BlackTitle "WGM"]
[WhiteElo "2365"]
[BlackElo "2454"]
[WhiteFideId "5050847"]
[BlackFideId "24171760"]
[EventDate "2020.06.18"]

1. e4 c6 2. Nc3 d5 3. Nf3 Bg4 4. h3 Bxf3 5. Qxf3 e6 6. Be2 Nf6 7. O-O Be7 8. Rd1
O-O 9. d4 Nbd7 10. Bf1 Rc8 11. e5 Ne8 12. Ne2 c5 13. c3 Qb6 14. Ng3 Nc7 15. Nh5
cxd4 16. cxd4 g6 17. Nf6+ Nxf6 18. exf6 Bd6 19. h4 e5 20. dxe5 Bxe5 21. Bg5 Rfe8
22. h5 Re6 23. hxg6 hxg6 24. Qh3 Rce8 25. Rd3 Bxf6 26. Bxf6 Rxf6 27. Qh4 Re4 28.
Qh6 Qxf2+ 29. Kh1 Rh4+ 30. Rh3 Rxh6 0-1

[Event "Women's Speed Chess Q1"]
[Site "chess.com INT"]
[Date "2020.06.18"]
[Round "1"]
[White "Cori T., Deysi"]
[Black "Zahedifar, Anahita"]
[Result "1-0"]
[WhiteTitle "WGM"]
[BlackTitle "WFM"]
[WhiteElo "2388"]
[BlackElo "2213"]
[WhiteFideId "3801934"]
[BlackFideId "12560715"]
[EventDate "2020.06.18"]

1. d4 d5 2. c4 c6 3. Nc3 Nf6 4. e3 e6 5. Nf3 Nbd7 6. Qc2 Bd6 7. Be2 dxc4 8. Bxc4
b5 9. Be2 Bb7 10. O-O O-O 11. e4 e5 12. Rd1 Qc7 13. h3 Rfe8 14. dxe5 Nxe5 15.
Nd4 Bc5 16. Nf5 Qb6 17. Be3 Bxe3 18. Nxe3 a6 19. Rd6 Rad8 20. Ncd5 Nxd5 21. Nxd5
Qa5 22. b4 Qa3 23. Ne7+ Kh8 24. Rxd8 Rxd8 25. Rd1 Re8 26. Qc5 Qb2 27. Bf1 h6 28.
Nf5 Nc4 29. Bxc4 bxc4 30. Nd6 Re5 31. Nxf7+ Kg8 32. Qxe5 c3 33. Rd8+ Kh7 34.
Qf5+ g6 35. Ng5+ hxg5 36. Qf7+ Kh6 37. Rh8# 1-0

[Event "Women's Speed Chess Q1"]
[Site "chess.com INT"]
[Date "2020.06.18"]
[Round "1"]
[White "Socko, Monika"]
[Black "Cagara, Paulina"]
[Result "1-0"]
[WhiteTitle "GM"]
[WhiteElo "2428"]
[BlackElo "2054"]
[WhiteFideId "1106619"]
[BlackFideId "1124870"]
[EventDate "2020.06.18"]

1. d4 f5 2. c4 Nf6 3. g3 g6 4. Bg2 Bg7 5. Nh3 O-O 6. Nf4 c6 7. O-O d6 8. d5 a5
9. Nc3 Na6 10. dxc6 Rb8 11. cxb7 Bxb7 12. Ne6 Qb6 13. Nxf8 Bxg2 14. Kxg2 Bxf8
15. Kg1 Qc5 16. b3 e5 17. Be3 Qc8 18. Nd5 Ne4 19. f3 Nec5 20. Qd2 a4 21. b4 Ne6
22. Rac1 Qd8 23. Rfd1 f4 24. gxf4 Qh4 25. Bf2 Qh3 26. fxe5 Bh6 27. Be3 g5 28.
Nf6+ Kf7 29. Qxd6 Rb7 30. Qxa6 Re7 31. Qc8 Bf8 32. Rd7 1-0

[Event "Women's Speed Chess Q1"]
[Site "chess.com INT"]
[Date "2020.06.18"]
[Round "1"]
[White "Sliwicka, Alicja"]
[Black "Mendoza, Beverly"]
[Result "1-0"]
[WhiteTitle "WIM"]
[BlackTitle "WIM"]
[WhiteElo "2317"]
[BlackElo "1945"]
[WhiteFideId "1150677"]
[BlackFideId "5201250"]
[EventDate "2020.06.18"]

1. e4 e6 2. d4 d5 3. Nc3 Nf6 4. Bg5 Be7 5. e5 Nfd7 6. h4 h6 7. Bxe7 Qxe7 8. f4
a6 9. Nf3 c5 10. dxc5 Nxc5 11. Qd2 Nc6 12. O-O-O Bd7 13. Bd3 Nb4 14. Kb1 Rc8 15.
Nd4 Nbxd3 16. cxd3 b5 17. g4 b4 18. Nce2 g6 19. Nc1 a5 20. f5 Rb8 21. fxe6 fxe6
22. Rdf1 Na4 23. Ncb3 Kd8 24. Rf6 Nc3+ 25. bxc3 bxc3 26. Qxc3 a4 27. Qa5+ Ke8
28. Qa7 axb3 29. Qxb8+ Qd8 30. Qxb3 1-0

[Event "Women's Speed Chess Q1"]
[Site "chess.com INT"]
[Date "2020.06.18"]
[Round "1"]
[White "Gunina, Valentina"]
[Black "Efimenko, Maria"]
[Result "1-0"]
[WhiteTitle "GM"]
[BlackTitle "WIM"]
[WhiteElo "2431"]
[BlackElo "2245"]
[WhiteFideId "4167570"]
[BlackFideId "14124327"]
[EventDate "2020.06.18"]

1. e4 g6 2. d4 Bg7 3. Nc3 d6 4. Nf3 Nf6 5. h3 O-O 6. Be3 c6 7. Bd3 Qc7 8. Qd2 b5
9. Bh6 e5 10. Bxg7 Kxg7 11. O-O Nbd7 12. Ne2 a6 13. c3 c5 14. Ng3 c4 15. Bc2 h6
16. Rae1 Rd8 17. Nh4 Nf8 18. f4 Qe7 19. fxe5 dxe5 20. d5 N6h7 21. Qf2 Kg8 22.
Nf3 Rd6 23. b3 a5 24. bxc4 bxc4 25. Rb1 Nd7 26. Rb5 Nhf6 27. Nd2 Ra7 28. Qxa7 1-0

[Event "Women's Speed Chess Q1"]
[Site "chess.com INT"]
[Date "2020.06.18"]
[Round "1"]
[White "Stefanova, Antoaneta"]
[Black "Vifleemskaia, Svetlana"]
[Result "1-0"]
[WhiteTitle "GM"]
[BlackTitle "WFM"]
[WhiteElo "2462"]
[BlackElo "1943"]
[WhiteFideId "2902257"]
[BlackFideId "4129490"]
[EventDate "2020.06.18"]

1. d4 Nf6 2. Nf3 e6 3. e3 c5 4. Bd3 b6 5. O-O Bb7 6. c4 d6 7. Nc3 Be7 8. d5 exd5
9. cxd5 O-O 10. e4 Nbd7 11. Re1 a6 12. a4 Rc8 13. Bf1 Ng4 14. Nd2 Nge5 15. f4
Ng6 16. Nc4 f6 17. g3 Qc7 18. Bh3 Rce8 19. Qh5 Bc8 20. Be6+ Kh8 21. Bf5 Kg8 22.
Bxg6 hxg6 23. Qxg6 Qb8 24. Ne3 Rf7 25. Nf5 1-0

[Event "Women's Speed Chess Q1"]
[Site "chess.com INT"]
[Date "2020.06.18"]
[Round "1"]
[White "Gaponenko, Inna"]
[Black "Zhukova, Natalia"]
[Result "1/2-1/2"]
[WhiteTitle "IM"]
[BlackTitle "GM"]
[WhiteElo "2396"]
[BlackElo "2328"]
[WhiteFideId "14101181"]
[BlackFideId "14101513"]
[EventDate "2020.06.18"]

1. e4 e5 2. Nf3 Nc6 3. Bb5 a6 4. Bxc6 dxc6 5. O-O Bd6 6. d4 exd4 7. Qxd4 f6 8.
Be3 Ne7 9. Nbd2 Be6 10. Qc3 Qd7 11. Nd4 Bf7 12. Nc4 c5 13. Nb3 Qe6 14. Nxd6+
cxd6 15. Rad1 O-O 16. Bf4 c4 17. Nd4 Qxe4 18. Bxd6 Nd5 19. Qf3 Qxf3 20. Nxf3
Rfd8 21. Bc5 Rac8 22. Bd4 Nb4 23. Rd2 Bg6 24. c3 Nd3 25. Nh4 b5 26. Nxg6 hxg6
27. b3 Ne5 28. Rfd1 cxb3 29. axb3 Nc6 30. h3 Nxd4 31. Rxd4 Rxd4 32. cxd4 Rc3 33.
Ra1 Rxb3 34. Rxa6 Rd3 35. Rb6 Rxd4 36. Rxb5 Rd1+ 37. Kh2 g5 1/2-1/2

[Event "Women's Speed Chess Q1"]
[Site "chess.com INT"]
[Date "2020.06.18"]
[Round "1"]
[White "Paramzina, Anastasya"]
[Black "Shukhman, Anna"]
[Result "1-0"]
[WhiteTitle "WGM"]
[BlackTitle "WCM"]
[WhiteElo "2209"]
[BlackElo "1866"]
[WhiteFideId "4165012"]
[BlackFideId "54180058"]
[EventDate "2020.06.18"]

1. e4 c5 2. Nf3 e6 3. b3 b6 4. Bd3 Bb7 5. O-O Nc6 6. c3 Nf6 7. Bc2 d6 8. a3 Be7
9. d4 O-O 10. Bb2 e5 11. dxe5 Nxe5 12. Nxe5 dxe5 13. Qe2 Qc7 14. Nd2 Rad8 15.
Rfd1 Bc6 16. a4 Qb7 17. f3 a6 18. Nc4 Qc7 19. Ne3 b5 20. axb5 axb5 21. Nd5 Nxd5
22. exd5 Bd7 23. d6 Bxd6 24. Qd3 e4 25. Qxd6 Qxd6 26. Rxd6 exf3 27. Rad1 fxg2
28. Rxd7 Rxd7 29. Rxd7 Ra8 30. c4 bxc4 31. bxc4 f6 32. Be4 Ra2 33. Rb7 Kf8 34.
Bxh7 Ra4 35. Bd3 Ra2 36. Kxg2 1-0

[Event "Women's Speed Chess Q1"]
[Site "chess.com INT"]
[Date "2020.06.18"]
[Round "1"]
[White "Sim, Jia Ru"]
[Black "Fominykh, Maria"]
[Result "0-1"]
[WhiteTitle "WCM"]
[BlackTitle "WGM"]
[WhiteElo "2005"]
[BlackElo "2206"]
[WhiteFideId "5716110"]
[BlackFideId "4142411"]
[EventDate "2020.06.18"]

1. e4 d6 2. d4 Nf6 3. Nc3 e5 4. Nf3 Nbd7 5. Bc4 Be7 6. O-O O-O 7. Re1 c6 8. a4
b6 9. b3 Bb7 10. Bb2 Qc7 11. Rc1 a6 12. d5 cxd5 13. Nxd5 Bxd5 14. Bxd5 Rab8 15.
c4 Nc5 16. b4 Ne6 17. Bxe6 fxe6 18. Ng5 Qd7 19. Qd2 h6 20. Nf3 Qxa4 21. Qc3 Qc6
22. Ra1 Nxe4 23. Qc2 Ng5 24. Nxg5 Bxg5 25. Rxa6 Rf4 26. c5 Rxb4 27. Ba3 Rg4 28.
f3 Qxf3 29. Rf1 Be3+ 30. Kh1 Qxf1# 0-1

[Event "Women's Speed Chess Q1"]
[Site "chess.com INT"]
[Date "2020.06.18"]
[Round "1"]
[White "Sviridova, Vlada"]
[Black "Cyfka, Karina"]
[Result "1-0"]
[WhiteTitle "WFM"]
[BlackTitle "IM"]
[WhiteElo "2144"]
[BlackElo "2411"]
[WhiteFideId "24109606"]
[BlackFideId "1122681"]
[EventDate "2020.06.18"]

1. d4 Nf6 2. c4 e6 3. Nf3 Bb4+ 4. Bd2 Qe7 5. g3 Nc6 6. Bg2 Bxd2+ 7. Nbxd2 d5 8.
O-O O-O 9. cxd5 exd5 10. Rc1 Bg4 11. Re1 Rfe8 12. h3 Bf5 13. a3 Ne4 14. e3 h6
15. Qb3 Qe6 16. Qxb7 Ne7 17. Qxc7 Nxd2 18. Nxd2 Bxh3 19. Qe5 Qxe5 20. dxe5 Bxg2
21. Kxg2 Rab8 22. b4 Rec8 23. Nb3 Nc6 24. f4 Ne7 25. Nd4 Rc4 26. Rxc4 dxc4 27.
Rc1 Rc8 28. e4 Kf8 29. Nb5 a5 30. Nd6 Rb8 31. Rxc4 axb4 32. Rxb4 Ra8 33. a4 Nc6
34. Rc4 Ra6 35. g4 g5 36. Kf3 gxf4 37. Kxf4 Ke7 38. Nf5+ Ke6 39. Rxc6+ Rxc6 40.
Nd4+ Kd7 41. Nxc6 Kxc6 42. Kf5 1-0

[Event "Women's Speed Chess Q1"]
[Site "chess.com INT"]
[Date "2020.06.18"]
[Round "1"]
[White "Frayna, Janelle Mae"]
[Black "Smietanska, Wiktoria"]
[Result "0-1"]
[WhiteTitle "WGM"]
[BlackTitle "CM"]
[WhiteElo "2179"]
[BlackElo "1593"]
[WhiteFideId "5212499"]
[BlackFideId "21869359"]
[EventDate "2020.06.18"]

1. e4 c5 2. Nf3 g6 3. d4 cxd4 4. Qxd4 Nf6 5. Nc3 Nc6 6. Qa4 d6 7. e5 dxe5 8.
Nxe5 Bd7 9. Nxd7 Qxd7 10. Be3 Bg7 11. Rd1 Qg4 12. Qxg4 Nxg4 13. Bf4 Nge5 14. Be2
O-O 15. O-O Rfd8 16. Ne4 b6 17. c3 Rxd1 18. Rxd1 Rd8 19. Rxd8+ Nxd8 20. Be3 Ndc6
21. f4 Nd7 22. Kf2 e5 23. fxe5 Ndxe5 24. h3 f5 25. Nd6 Kf8 26. Nc4 Nxc4 27. Bxc4
Ne5 28. Bd5 Nd3+ 29. Kf3 Nxb2 30. c4 Nd3 31. Ke2 Nc5 32. Kd2 Ke7 33. Bf4 a6 34.
Bc7 b5 35. Bb6 Na4 36. c5 Bd4 37. Bg8 h6 38. Bb3 Bxc5 39. Bxa4 Bxb6 40. Bb3 g5
41. Ke2 Kd6 42. Kf3 Ke5 43. g4 f4 44. Bg8 Kd4 45. Bf7 a5 46. Ke2 Ke4 47. Bg6+
Kd4 48. Be8 Kc4 49. Bf7+ Kc3 50. Bd5 Kb2 51. Bc6 b4 52. Bd5 a4 53. Kd1 b3 54.
axb3 a3 0-1

[Event "Women's Speed Chess Q1"]
[Site "chess.com INT"]
[Date "2020.06.18"]
[Round "1"]
[White "Khalafova, Narmin"]
[Black "Root, Alexey"]
[Result "1-0"]
[WhiteTitle "WGM"]
[BlackTitle "WIM"]
[WhiteElo "2279"]
[BlackElo "2025"]
[WhiteFideId "13402625"]
[BlackFideId "2004658"]
[EventDate "2020.06.18"]

1. e4 e6 2. d4 d5 3. Nd2 dxe4 4. Nxe4 Bd7 5. Nf3 Bc6 6. Bd3 Nf6 7. Qe2 Nxe4 8.
Bxe4 Bxe4 9. Qxe4 c6 10. O-O Be7 11. c4 O-O 12. b3 Nd7 13. Bb2 Nf6 14. Qe2 c5
15. Rad1 cxd4 16. Nxd4 Qb6 17. Nf5 Bd8 18. Nxg7 Kxg7 19. Qg4+ Kh8 20. Rxd8 Qxd8
21. Qg5 Rg8 22. Bxf6+ Qxf6 23. Qxf6+ Rg7 24. Rd1 Rg8 25. g3 a6 26. Rd7 b5 27.
Rxf7 bxc4 28. bxc4 a5 29. c5 a4 30. c6 a3 31. c7 1-0

[Event "Women's Speed Chess Q1"]
[Site "chess.com INT"]
[Date "2020.06.18"]
[Round "1"]
[White "Bivol, Alina"]
[Black "Berzina, Ilze"]
[Result "0-1"]
[WhiteTitle "WGM"]
[BlackTitle "WGM"]
[WhiteElo "2386"]
[BlackElo "2192"]
[WhiteFideId "4100123"]
[BlackFideId "11601345"]
[EventDate "2020.06.18"]

1. Nf3 d5 2. g3 c6 3. Bg2 Bg4 4. h3 Bh5 5. O-O Nd7 6. d3 Ngf6 7. Qe1 e5 8. e4
dxe4 9. dxe4 Bc5 10. a4 O-O 11. Na3 Qc7 12. Nc4 b5 13. axb5 cxb5 14. Na5 Bb6 15.
Bg5 Nxe4 16. Qxe4 Bxa5 17. Be7 Bg6 18. Qg4 Rfe8 19. Rxa5 Rxe7 20. Rxb5 Qxc2 21.
Nd4 exd4 22. Bxa8 Nb6 23. Qxd4 Qd3 24. Rd1 Qxb5 25. Qd8+ Re8 26. Bf3 h6 27. Qc7
Qb3 0-1

[Event "Women's Speed Chess Q1"]
[Site "chess.com INT"]
[Date "2020.06.18"]
[Round "1"]
[White "Bodnaruk, Anastasia"]
[Black "Nurmanova, Alua"]
[Result "1-0"]
[WhiteTitle "IM"]
[BlackTitle "WFM"]
[WhiteElo "2411"]
[BlackElo "2026"]
[WhiteFideId "4181751"]
[BlackFideId "13729390"]
[EventDate "2020.06.18"]

1. e4 c5 2. Nc3 d6 3. Nge2 Nf6 4. d4 cxd4 5. Nxd4 a6 6. h3 e6 7. g4 h6 8. Be3 b5
9. a3 Bb7 10. Bg2 Qc7 11. f4 Nbd7 12. Qe2 O-O-O 13. O-O-O Kb8 14. Kb1 Nb6 15.
Bc1 Nc4 16. Rd3 d5 17. exd5 Nxd5 18. Nxd5 Bxd5 19. Bxd5 Rxd5 20. Rhd1 Bc5 21.
Nb3 Rxd3 22. cxd3 Nb6 23. Nxc5 Qxc5 24. Be3 Qd6 25. Bxb6 Qxb6 26. Qe5+ Qc7 27.
Qxg7 Rc8 28. Qe5 Kb7 29. Qxc7+ Rxc7 30. h4 Rd7 31. d4 f6 32. Kc2 Rd5 33. Kd3 Kc6
34. Ke3 Kd6 35. Rc1 h5 36. g5 fxg5 37. hxg5 Rf5 38. Rh1 Kd5 39. Rxh5 Kc4 40. Rh6
Kb3 41. Rxe6 Kxb2 42. Rxa6 Rf7 43. g6 Re7+ 44. Kd3 1-0